00221nam a22001097a 4500003000400000082000800004100002000012245002400032250001000056260002400066650002100090SGT aAGR aAGRAWAL BASANT  aEngineering Drawing a2 ED  bMC GRAW HILL c2016 aPHYSICAL SCIENCE